000 00613cam7a220020500 4500
003 s
005 20190819095843.0
008 000523
020 _a1879998033
035 _a(Sirsi) a142639
050 0 _aBT65
_bRus 1994
100 1 _aRushdoony, Rousas John
_6A76783.1
245 1 0 _aSystematic theology.
_nVol. 1-2 /
_cRushdoony, Rousas John.
260 _aVallecito, California :
_bRoss House Books,
_cc1994.
350 _50
500 _aEach volume is in two volumes
501 _aIncludes scripture texts
504 _aIncludes index
650 0 _aTheology, Doctrinal
_6S28690.1
999 _c99925
_d99925